Administración: enfoque por competencias con casos latinoamericanos
Furkejuvvon:
| Váldodahkkit: | , , |
|---|---|
| Materiálatiipa: | Girji |
| Giella: | espánnjágiella |
| Almmustuhtton: |
Ciudad de México
Alfaomega
2014
|
| Preanttus: | 1a. ed |
| Fáttát: | |
| Fáddágilkorat: |
Lasit fáddágilkoriid
Eai fáddágilkorat, Lasit vuosttaš fáddágilkora!
|
MARC
| LEADER | 00000cam a2200000 a 4500 | ||
|---|---|---|---|
| 001 | UCD9092 | ||
| 003 | CL-VaPUC | ||
| 008 | 170602e20140000mx |||||||||||||||||spa|d | ||
| 020 | |a 9786077079347 | ||
| 082 | 0 | 4 | |a 658.409 |b MOC |2 21 |
| 100 | |a Mochón Morcillo, Francisco |e autor |9 582875 | ||
| 700 | 0 | |a Mochón, María del Carmen |e author |9 592767 | |
| 700 | 0 | |a Sáez Mochón, Marta |e author |9 592768 | |
| 245 | 1 | 0 | |a Administración: enfoque por competencias con casos latinoamericanos |
| 250 | |a 1a. ed | ||
| 300 | |a 542 p | ||
| 942 | |c BK | ||
| 945 | |d 20170602 23:29:00 |a arojas | ||
| 260 | |a Ciudad de México |b Alfaomega |c 2014 | ||
| 650 | 0 | |a Administración de empresas |9 260833 | |
| 650 | 0 | |a Competencias |9 341916 | |
| 650 | 0 | |a Planificación estratégica |9 259735 | |
| 583 | |a last modification |c 20170602 23:29:00 |k Rodrigo Vera | ||
| 999 | |c 368377 |d 368375 | ||